000 00359nam a2200157Ia 4500
008 230711s9999||||xx |||||||||||||| ||und||
041 _aENG
082 _a720
_bUF-L
100 _aUffelen,Chris Van
245 0 _aLight in Architecture
250 _a1st
260 _c2012
_aBerlin
_bBraun Publishing
300 _a439
650 _aArchitecture
942 _cBK
999 _c5412
_d5412